[Event "Titled Tuesday intern op 17th Sep Late"]
[Site "Chess,com INT"]
[Date "2024.09.17"]
[Round "6"]
[White "Romero Ruscalleda, Josep"]
[Black "Zielonka, Adam"]
[Result "1-0"]
[WhiteElo "2153"]
[BlackElo "2319"]
[PlyCount "133"]
[EventDate "2024.09.17"]
[EventType "swiss (blitz)"]
[EventRounds "11"]
[EventCountry "USA"]
[SourceTitle "EXT 2025"]
[Source "ChessBase"]
[SourceDate "2024.10.14"]
[SourceVersion "1"]
[SourceVersionDate "2024.10.14"]
[SourceQuality "1"]

1. e4 d6 2. d4 g6 3. Nc3 e6 4. Nf3 Nd7 5. Bg5 Ne7 6. Qd2 h6 7. Be3 Bg7 8. 0-0-0 b6 9. h4 Bb7 10. h5 g5 11. Nh2 e5 12. Ng4 Nf6 13. Nxf6+ Bxf6 14. Bc4 a6 15. dxe5 dxe5 16. Qxd8+ Rxd8 17. Rxd8+ Kxd8 18. Bxf7 Rf8 19. Rd1+ Kc8 20. Be6+ Kb8 21. Nd5 Nxd5 22. Bxd5 Bc8 23. f3 Be7 24. Bc6 Bd6 25. Bxb6 cxb6 26. Rxd6 g4 27. Rxh6 gxf3 28. gxf3 Rxf3 29. Bd5 b5 30. Rh7 Rf2 31. h6 Rh2 32. b3 b4 33. Kb2 a5 34. Rh8 Kc7 35. h7 Bd7 36. Bf7 Bb5 37. Bc4 Bc6 38. Bd5 Bd7 39. a3 Kd6 40. axb4 axb4 41. Rb8 Rxh7 42. Rxb4 Rh2 43. Rb6+ Kc5 44. Rf6 Bg4 45. Rc6+ Kb5 46. Rc3 Rf2 47. Bc6+ Kb6 48. b4 Rh2 49. Kb3 Bd1 50. Bd5 Bg4 51. Rc6+ Ka7 52. c4 Bd1+ 53. Ka3 Rh3+ 54. Ka2 Rh2+ 55. Kb1 Bb3 56. b5 Bc2+ 57. Kc1 Bd3 58. Rc7+ Kb6 59. Rc6+ Ka5 60. Ra6+ Kb4 61. Kd1 Kc3 62. Ke1 Re2+ 63. Kd1 Rf2 64. Ra3+ Kd4 65. Ke1 Ke3 66. Rxd3+ Kf4 67. Kxf2 1-0

[Event "Titled Tuesday intern op 17th Sep Early"]
[Site "Chess,com INT"]
[Date "2024.09.17"]
[Round "6"]
[White "Volkov, Maksim"]
[Black "Zielonka, Adam"]
[Result "0-1"]
[WhiteElo "2284"]
[BlackElo "2319"]
[PlyCount "136"]
[EventDate "2024.09.17"]
[EventType "swiss (blitz)"]
[EventRounds "11"]
[EventCountry "USA"]
[SourceTitle "EXT 2025"]
[Source "ChessBase"]
[SourceDate "2024.10.14"]
[SourceVersion "1"]
[SourceVersionDate "2024.10.14"]
[SourceQuality "1"]

1. e4 c5 2. Nf3 e6 3. d4 cxd4 4. Nxd4 Nc6 5. Nc3 a6 6. Be3 Nf6 7. Be2 Bb4 8. 0-0 Bxc3 9. bxc3 Nxe4 10. Nxc6 bxc6 11. Qd4 Nf6 12. c4 0-0 13. c5 Nd5 14. Bd2 Qf6 15. Qxf6 Nxf6 16. Rab1 Ne4 17. Rfd1 Nxd2 18. Rxd2 a5 19. Rb6 f6 20. f4 Kf7 21. Rd3 a4 22. Rh3 h6 23. Rc3 Ra5 24. Kf2 Ke7 25. Ke3 g5 26. g3 gxf4+ 27. gxf4 Kd8 28. Kd4 Kc7 29. Rg3 e5+ 30. Kc4 Ba6+ 31. Kb4 Bxe2 32. Kxa5 exf4 33. Rg2 f3 34. Rf2 Ra8+ 35. Kb4 d6 36. Kc3 Ra5 37. Rb4 Rxc5+ 38. Kd2 a3 39. Ra4 Rg5 40. Rxa3 Rg2 41. Ke3 Rg1 42. Ra7+ Kb6 43. Ra4 Rc1 44. Kd2 Rd1+ 45. Ke3 Rd5 46. Rb4+ Kc5 47. Rb3 Re5+ 48. Kd2 d5 49. a4 Re4 50. Ra3 Rd4+ 51. Kc3 Rc4+ 52. Kd2 f5 53. a5 Rb4 54. a6 Rb8 55. a7 Ra8 56. Ke3 Kb6 57. Kf4 Rxa7 58. Rxa7 Kxa7 59. Kxf5 Kb6 60. Kg6 d4 61. Kxh6 c5 62. Kg5 c4 63. Kf4 Kc5 64. h4 c3 65. h5 d3 66. h6 dxc2 67. Rf1 Bxf1 68. h7 c1Q+ 0-1

[Event "Titled Tuesday intern op 17th Sep Early"]
[Site "Chess,com INT"]
[Date "2024.09.17"]
[Round "7"]
[White "Zielonka, Adam"]
[Black "Fiorito, Joaquin"]
[Result "1-0"]
[WhiteElo "2319"]
[BlackElo "2402"]
[PlyCount "105"]
[EventDate "2024.09.17"]
[EventType "swiss (blitz)"]
[EventRounds "11"]
[EventCountry "USA"]
[SourceTitle "EXT 2025"]
[Source "ChessBase"]
[SourceDate "2024.10.14"]
[SourceVersion "1"]
[SourceVersionDate "2024.10.14"]
[SourceQuality "1"]

1. c4 Nf6 2. Nc3 g6 3. g3 Bg7 4. Bg2 0-0 5. e4 d6 6. Nge2 c5 7. 0-0 Nc6 8. d3 Nd7 9. Be3 Nde5 10. h3 Nb4 11. Nc1 Nec6 12. a3 Na6 13. N1e2 Nd4 14. Rb1 Nc7 15. b4 b6 16. f4 Bb7 17. g4 f5 18. Nd5 e6 19. Nxc7 Qxc7 20. Nc3 Rae8 21. Qd2 Ba8 22. Kh1 Qe7 23. Rbe1 fxg4 24. hxg4 Qh4+ 25. Kg1 Qxg4 26. Ne2 e5 27. fxe5 Bxe5 28. Nxd4 cxd4 29. Bh6 Qh4 30. Rxf8+ Rxf8 31. Bxf8 Bf4 32. Qe2 Be3+ 33. Kf1 Kxf8 34. Qf3+ Ke7 35. Ke2 Bc6 36. Rh1 Qxh1 37. Bxh1 Bd7 38. Bg2 Be6 39. Bh3 Bf7 40. Qg4 h5 41. Qd7+ Kf8 42. Qxd6+ Kg7 43. c5 g5 44. c6 g4 45. Bxg4 hxg4 46. c7 g3 47. c8Q Bh5+ 48. Kf1 Bg6 49. Qxg3 Kf7 50. Qd7+ Kf6 51. Qdd6+ Kg7 52. Qgxg6+ Kh8 53. Qf8# 1-0

[Event "Titled Tuesday intern op 17th Sep Late"]
[Site "Chess,com INT"]
[Date "2024.09.17"]
[Round "11"]
[White "Zielonka, Adam"]
[Black "Huseynova, Lala"]
[Result "1-0"]
[WhiteElo "2319"]
[BlackElo "1984"]
[PlyCount "51"]
[EventDate "2024.09.17"]
[EventType "swiss (blitz)"]
[EventRounds "11"]
[EventCountry "USA"]
[SourceTitle "EXT 2025"]
[Source "ChessBase"]
[SourceDate "2024.10.14"]
[SourceVersion "1"]
[SourceVersionDate "2024.10.14"]
[SourceQuality "1"]

1. a3 d5 2. b4 e5 3. Bb2 Bd6 4. e3 Nf6 5. c4 dxc4 6. Bxc4 0-0 7. Nf3 Bg4 8. Be2 Re8 9. d3 a5 10. bxa5 Nc6 11. 0-0 Nxa5 12. Nbd2 Qd7 13. h3 Bh5 14. Re1 Nd5 15. Ne4 f5 16. Nxd6 cxd6 17. Nxe5 dxe5 18. Bxh5 g6 19. Be2 Ra6 20. Rb1 Rb6 21. Ba1 Rxb1 22. Qxb1 Nc6 23. Qa2 Qf7 24. Rb1 Re7 25. Bd1 Nf6 26. Bb3 1-0

[Event "Titled Tuesday intern op 17th Sep Early"]
[Site "Chess,com INT"]
[Date "2024.09.17"]
[Round "10"]
[White "Zielonka, Adam"]
[Black "Jaskolka, Tomasz"]
[Result "0-1"]
[WhiteElo "2319"]
[BlackElo "2238"]
[PlyCount "172"]
[EventDate "2024.09.17"]
[EventType "swiss (blitz)"]
[EventRounds "11"]
[EventCountry "USA"]
[SourceTitle "EXT 2025"]
[Source "ChessBase"]
[SourceDate "2024.10.14"]
[SourceVersion "1"]
[SourceVersionDate "2024.10.14"]
[SourceQuality "1"]

1. c4 Nf6 2. Nc3 e5 3. e3 Bb4 4. Nge2 d6 5. a3 Bxc3 6. Nxc3 0-0 7. Be2 c6 8. d4 Qc7 9. 0-0 Bf5 10. b4 Nbd7 11. Bb2 Rfe8 12. Bf3 Nb6 13. Be2 Rad8 14. Rc1 Qe7 15. a4 exd4 16. Qxd4 d5 17. c5 Nbd7 18. Bd3 Bxd3 19. Qxd3 Ne5 20. Qd4 Nc4 21. Ba1 Qe5 22. Ne2 Qg5 23. Qf4 Qg6 24. Bxf6 gxf6 25. Nd4 Re4 26. Qg3 Rg4 27. Qh3 Re8 28. g3 Qe4 29. Qg2 Qe5 30. Rfd1 Re4 31. Nf3 Qb2 32. b5 Qb3 33. bxc6 bxc6 34. Nd4 Qxa4 35. Ra1 Qb4 36. Qh3 Qxc5 37. Qh6 Qf8 38. Qxf6 Qg7 39. Qxc6 R4e5 40. Rxa7 h5 41. Ra8 Rxa8 42. Qxa8+ Kh7 43. Qc6 Rg5 44. Qc8 Ne5 45. Qh3 Ng4 46. Qg2 Qf6 47. h3 Ne5 48. f4 Rg6 49. fxe5 Qxe5 50. Kh2 h4 51. Ne2 Qxe3 52. Qg1 Qxe2+ 53. Kh1 hxg3 54. Re1 Qf2 55. Qxf2 gxf2 56. Rf1 Rf6 57. Kg2 Kg6 58. Kg3 Kg5 59. h4+ Kh5 60. Kh3 Rf3+ 61. Kg2 Kg4 62. h5 Rg3+ 63. Kh2 Rf3 64. h6 Rf6 65. h7 Rh6+ 66. Kg2 Rxh7 67. Rxf2 f5 68. Rd2 Rd7 69. Kf2 d4 70. Rd3 f4 71. Ra3 d3 72. Ke1 d2+ 73. Kd1 f3 74. Ra8 f2 75. Rg8+ Kf3 76. Rf8+ Ke3 77. Re8+ Kf3 78. Rf8+ Kg2 79. Rg8+ Kf1 80. Rf8 Rd4 81. Rf7 Kg2 82. Rg7+ Kf3 83. Kc2 d1Q+ 84. Kc3 Qd2+ 85. Kb3 Rb4+ 86. Ka3 Qb2# 0-1

[Event "Titled Tuesday intern op 17th Sep Late"]
[Site "Chess,com INT"]
[Date "2024.09.17"]
[Round "9"]
[White "Zielonka, Adam"]
[Black "Jodar Arias, Marlon"]
[Result "0-1"]
[WhiteElo "2319"]
[BlackElo "2190"]
[PlyCount "82"]
[EventDate "2024.09.17"]
[EventType "swiss (blitz)"]
[EventRounds "11"]
[EventCountry "USA"]
[SourceTitle "EXT 2025"]
[Source "ChessBase"]
[SourceDate "2024.10.14"]
[SourceVersion "1"]
[SourceVersionDate "2024.10.14"]
[SourceQuality "1"]

1. c4 e5 2. Nc3 Nf6 3. e3 Nc6 4. a3 a5 5. Nf3 Be7 6. d4 exd4 7. exd4 d5 8. cxd5 Nxd5 9. Bc4 Nb6 10. Bb3 Bg4 11. Be3 0-0 12. 0-0 Bf6 13. Nb5 a4 14. Ba2 Na5 15. h3 Bh5 16. Rc1 c6 17. Nc3 Nac4 18. Qe2 Nxe3 19. fxe3 Re8 20. Qf2 Qe7 21. e4 Bxf3 22. gxf3 Bh4 23. Qg2 Rac8 24. Rcd1 Rcd8 25. Kh1 Qg5 26. Qxg5 Bxg5 27. f4 Bh4 28. e5 Re7 29. Kg2 Red7 30. Ne4 Be7 31. e6 Rxd4 32. exf7+ Kf8 33. Nc3 Rxd1 34. Rxd1 Rxd1 35. Nxd1 Nd5 36. Bxd5 cxd5 37. Nc3 Kxf7 38. Nxa4 Bf6 39. b3 Ke7 40. Kf3 Bd4 41. Ke2 b5 0-1

[Event "Titled Tuesday intern op 10th Sep Early"]
[Site "Chess,com INT"]
[Date "2024.09.10"]
[Round "8"]
[White "Andrews, Todd D"]
[Black "Zielonka, Adam"]
[Result "1-0"]
[WhiteElo "2165"]
[BlackElo "2319"]
[PlyCount "119"]
[EventDate "2024.09.10"]
[EventType "swiss (blitz)"]
[EventRounds "11"]
[EventCountry "USA"]
[SourceTitle "EXT 2025"]
[Source "ChessBase"]
[SourceDate "2024.10.14"]
[SourceVersion "1"]
[SourceVersionDate "2024.10.14"]
[SourceQuality "1"]

1. e4 c5 2. Nf3 e6 3. c3 Nf6 4. e5 Nd5 5. d4 cxd4 6. Bc4 Nb6 7. Bb3 d6 8. cxd4 dxe5 9. Nxe5 Nc6 10. Nxc6 bxc6 11. 0-0 Bd6 12. Qg4 0-0 13. Bg5 Be7 14. Bh6 Bf6 15. Rd1 e5 16. Qg3 exd4 17. h4 c5 18. Nd2 Ba6 19. Rac1 Rc8 20. h5 c4 21. Ne4 Kh8 22. Nxf6 Qxf6 23. Bg5 Qe6 24. h6 cxb3 25. hxg7+ Kxg7 26. Be7+ Qg6 27. Qe5+ f6 28. Bxf8+ Rxf8 29. Rc7+ Rf7 30. Rxf7+ Qxf7 31. Qxd4 bxa2 32. Qg4+ Qg6 33. Qb4 Bb7 34. Qe7+ Qf7 35. Qe3 Qg6 36. f3 Qb1 37. Qe7+ Kg6 38. Qe8+ Kh6 39. Qf8+ Kg5 40. Qg7+ Qg6 41. Qxb7 Qc2 42. Qg7+ Kh5 43. Qg4+ Kh6 44. Qf4+ Kg6 45. Qe4+ Qxe4 46. fxe4 Nc4 47. Ra1 Nxb2 48. Rxa2 Nd3 49. Rxa7 Nc5 50. Re7 h5 51. Kf2 f5 52. e5 Kg5 53. Ke3 Ne4 54. Re8 Kg6 55. e6 Nc5 56. e7 Kf7 57. Rc8 f4+ 58. Ke2 f3+ 59. gxf3 Kxe7 60. Rxc5 1-0

[Event "Titled Tuesday intern op 10th Sep Late"]
[Site "Chess,com INT"]
[Date "2024.09.10"]
[Round "2"]
[White "Dubnevych, Maksym"]
[Black "Zielonka, Adam"]
[Result "1-0"]
[WhiteElo "2267"]
[BlackElo "2319"]
[PlyCount "95"]
[EventDate "2024.09.10"]
[EventType "swiss (blitz)"]
[EventRounds "11"]
[EventCountry "USA"]
[SourceTitle "EXT 2025"]
[Source "ChessBase"]
[SourceDate "2024.10.14"]
[SourceVersion "1"]
[SourceVersionDate "2024.10.14"]
[SourceQuality "1"]

1. Nc3 d5 2. e4 d4 3. Nce2 e5 4. c3 c5 5. Ng3 Nc6 6. Nf3 Be6 7. Bb5 f6 8. d3 Qd7 9. 0-0 Nge7 10. cxd4 cxd4 11. Nd2 a6 12. Ba4 b5 13. Bb3 g6 14. Ne2 Bg7 15. f4 0-0 16. Nf3 Kh8 17. h3 h6 18. fxe5 fxe5 19. Nh2 Rxf1+ 20. Nxf1 Rc8 21. Bd2 a5 22. Rc1 a4 23. Bxe6 Qxe6 24. b3 axb3 25. axb3 Na7 26. Bb4 Rxc1 27. Nxc1 Nac6 28. Bc5 Ng8 29. Qf3 Nf6 30. Nh2 Nd7 31. Ba3 h5 32. g4 b4 33. Bb2 Qf6 34. Qg2 Bh6 35. Ne2 Nc5 36. Bc1 Bxc1 37. Nxc1 Qf4 38. Qc2 Qf8 39. Kg2 Nd8 40. Ne2 Nde6 41. Qc4 Qd6 42. Nf3 hxg4 43. hxg4 Nd7 44. Qc8+ Kg7 45. Nd2 Nf6 46. Nc4 Qc5 47. Qxe6 Nxg4 48. Qxg4 1-0